Word mashup premier league players - Statistics

General Stats
  • This quiz has been taken 7 times
  • The average score is 6 of 15
Answer Stats
Hint Answer % Correct
Ajend Suvlsekuki Dejan Kulusevski
67%
Tsonkansiton Soramonavp Konstaninos Mavropanos
67%
Ristuc Sjeno Curtis Jones
50%
Belgira Sujes Gabriel Jesus
50%
Bujak Wiroki Jakub Kiwior
50%
Rekina Pirterip Kieran Trippier
50%
Aass Cajzaldik Sasa Kalajdzic
50%
Nytohna Galena Anthony Elanga
33%
Naj Ulpa anv Eehkc Jan Paul van Hecke
33%
Hajosu Zereikz Joshua Zirkzee
33%
Duar Rugndasi Radu Dragusin
33%
Dieed Kiatneh Eddie Nketiah
17%
Ceroedif Sihace Federico Chiesa
17%
Lenaum Rategu Manuel Ugarte
17%
Myithto Gseacatn Timothy Castagne
0%
No matching quizzes found
Score Distribution
Percent of People with Each Score
Percentile by Number Answered
Your Score History
You have not taken this quiz